| 000 | 00392 a2200121 4500 | ||
|---|---|---|---|
| 001 | ART_24035 | ||
| 005 | 20260410161933.0 | ||
| 008 | 260409a | ||
| 245 | 1 | 0 | _aDilemas de Política Económica en América Latina |
| 100 | 1 | _aKatz, Jorge M. | |
| 700 | 1 | _aBernat, Gonzalo | |
| 773 | 0 |
_tRevista de Economía Política de Buenos Aires _g- Año 7, Nº 12 (mayo 2013) _wREV23982 |
|
| 999 |
_c28803 _d28803 |
||